The prediction of performance in clinical psychology / (Record no. 29343)
[ view plain ]
| 000 -LEADER | |
|---|---|
| fixed length control field | 00984cam a2200289 4500 |
| 001 - CONTROL NUMBER | |
| control field | 29343 |
| 003 - CONTROL NUMBER IDENTIFIER | |
| rucl marc code | BD-RjUL |
| 005 - DATE AND TIME OF LATEST TRANSACTION | |
| control field | 20211209051412.0 |
| 008 - FIXED-LENGTH DATA ELEMENTS--GENERAL INFORMATION | |
| fixed length control field | 140403r19691951nyu b 001 0 eng d |
| 020 ## - INTERNATIONAL STANDARD BOOK NUMBER | |
| International Standard Book Number | 0837123836 |
| 035 ## - SYSTEM CONTROL NUMBER | |
| System control number | (BD-RjUL)29428 |
| 040 ## - CATALOGING SOURCE | |
| Original cataloging agency | DLC |
| Transcribing agency | DLC |
| Modifying agency | DLC |
| -- | BD-RjUL |
| Language of cataloging | eng |
| 041 ## - LANGUAGE CODE | |
| Language code of text/sound track or separate title | eng |
| 082 00 - DEWEY DECIMAL CLASSIFICATION NUMBER | |
| Classification number | 157.9023 |
| Author mark and year | KEP 1969 |
| 100 1# - MAIN ENTRY--PERSONAL NAME | |
| Personal name | Kelly, E. Lowell |
| Fuller form of name | (Everett Lowell), |
| Dates associated with a name | 1905-1986. |
| 9 (RLIN) | 5569 |
| 245 14 - TITLE STATEMENT | |
| Title | The prediction of performance in clinical psychology / |
| Statement of responsibility, etc. | by E. Lowell Kelly and Donald W. Fiske. |
| 260 ## - PUBLICATION, DISTRIBUTION, ETC. (IMPRINT) | |
| Place of publication, distribution, etc. | New York : |
| Name of publisher, distributor, etc. | Greenwood Press, |
| Date of publication, distribution, etc. | c1951 [reprintng 1969]. |
| 300 ## - PHYSICAL DESCRIPTION | |
| Pagination | xv, 311 p. ; |
| Size | 30 cm. |
| 504 ## - BIBLIOGRAPHY, ETC. NOTE | |
| Bibliography, etc | includes Bibliographical reference and index. |
| 650 #0 - SUBJECT ADDED ENTRY--TOPICAL TERM | |
| Topical term or geographic name as entry element | Psychology |
| General subdivision | Vocational guidance. |
| 9 (RLIN) | 89510 |
| Topical term or geographic name as entry element | Clinical psychology. |
| 9 (RLIN) | 89511 |
| Topical term or geographic name as entry element | Prediction (Psychology) |
| 9 (RLIN) | 21900 |
| 700 1# - ADDED ENTRY--PERSONAL NAME | |
| Personal name | Fiske, Donald Winslow, |
| Dates associated with a name | 1916- |
| Relator term | joint author. |
| 942 ## - ADDED ENTRY ELEMENTS (KOHA) | |
| Source of classification or shelving scheme | Dewey Decimal Classification |
| Koha item type | Books |
| Lost status | Source of classification or shelving scheme | Damaged status | Not for loan | Collection code | Permanent Location | Current Location | Shelving location | Date acquired | Source of acquisition | Coded location qualifier | Total Checkouts | Full call number | Date last seen | Copy number | Koha item type |
|---|---|---|---|---|---|---|---|---|---|---|---|---|---|---|---|
| Dewey Decimal Classification | Non-fiction | Central Library, University of Rajshahi | Central Library, University of Rajshahi | Reading Room | 16/07/1971 | N/A | N/A | 157.9023 KEP 1969 | 03/04/2014 | C-1 | Books |